000 00543nam a2200181 a 4500
001 000023054
005 20200930021946.0
008 101125s1975 ag r 000 | spa d
040 _aDO-SdBNP
_bspa
_cBNPHU
082 _axxx
_bC854i
100 1 _aCouger, J. Daniel
_947451
245 1 0 _aIntroducción al lenguaje FORTRAN /
_cJ. Daniel Couger, Loren E. Shannon.
260 _aBuenos Aires :
_b[s.n.],
_c1975.
300 _axiii, 158 p. ; :
_bil. , ;
_c1975.
500 _aIncluye glosario
700 1 _aShannon, Loren E
_947452
049 _aBNGR
999 _c22551
_d22551